[Event "FRA-chT Top 12"]
[Site "Belfort"]
[Date "2012.06.06"]
[Round "7.6"]
[White "Flom, Gabriel"]
[Black "Relange, Eloi"]
[Result "0-1"]
[WhiteElo "2412"]
[BlackElo "2472"]
[PlyCount "60"]
[EventDate "2012.05.31"]
[EventType "team-tourn"]
[EventRounds "11"]
[EventCountry "FRA"]
[SourceTitle "CBM 148 Extra"]
[Source "ChessBase"]
[SourceDate "2012.06.22"]
[SourceVersion "1"]
[SourceVersionDate "2012.06.22"]
[SourceQuality "1"]
[WhiteTeam "Deauville"]
[BlackTeam "Evry Grand Roque"]
[WhiteTeamCountry "FRA"]
[BlackTeamCountry "FRA"]

1. d4 Nf6 2. c4 g6 3. Nc3 Bg7 4. e4 d6 5. f3 0-0 6. Be3 c6 7. Qd2 a6 8. Nge2 b5 9. Bh6 Nbd7 10. h4 Nb6 11. Ng3 e5 12. h5 Bxh6 13. Qxh6 exd4 14. Nce2 Nxc4 15. Nxd4 Qa5+ 16. Kf2 Qb6 17. Rd1 Nxb2 18. Rd2 Qc5 19. Be2 Nc4 20. Bxc4 bxc4 21. Kf1 Ra7 22. e5 Qxe5 23. Nxc6 Qxg3 24. hxg6 fxg6 25. Nxa7 Re8 26. Rf2 Bf5 27. Qd2 Rb8 28. Kg1 Bd3 29. Rf1 Bxf1 30. Nc6 Bxg2 0-1